Multimedia Communications, Services and Security : 7th International Conference, MCSS 2014, Krakow, Poland, June 11-12, 2014. Proceedings /

This volume constitutes the refereed proceedings of the 7th International Conference on Multimedia Communications, Services and Security, MCSS 2014, held in Krakow, Poland, in June 2014. The 21 full papers included in the volume were selected from numerous submissions. The papers cover ongoing resea...

Full description

Saved in:
Bibliographic Details
Other Authors: Dziech, Andrzej, (Editor), Czyżewski, Andrzej, (Editor)
Format: Book
Language:English
Published: Cham : Springer International Publishing : Imprint: Springer, 2014.
Series:Communications in Computer and Information Science ; 429.
Subjects:
Tags: Add Tag
No Tags, Be the first to tag this record!
LEADER 02364nam a22004695a 4500
001 014078956-1
005 20140711191935.0
008 140520s2014 gw | s ||0| 0|eng d
020 |a 9783319075693 
020 |a 9783319075693 
020 |a 9783319075686 
024 7 |a 10.1007/978-3-319-07569-3  |2 doi 
035 |a (Springer)9783319075693 
040 |a Springer 
050 4 |a T385 
050 4 |a TA1637-1638 
050 4 |a TK7882.P3 
072 7 |a UYQV  |2 bicssc 
072 7 |a COM016000  |2 bisacsh 
082 0 4 |a 006.6  |2 23 
100 1 |a Dziech, Andrzej,  |e editor. 
245 1 0 |a Multimedia Communications, Services and Security :  |b 7th International Conference, MCSS 2014, Krakow, Poland, June 11-12, 2014. Proceedings /  |c edited by Andrzej Dziech, Andrzej Czyżewski. 
264 1 |a Cham :  |b Springer International Publishing :  |b Imprint: Springer,  |c 2014. 
300 |a XII, 265 p. 131 illus.  |b online resource. 
336 |a text  |b txt  |2 rdacontent 
337 |a computer  |b c  |2 rdamedia 
338 |a online resource  |b cr  |2 rdacarrier 
347 |a text file  |b PDF  |2 rda 
490 1 |a Communications in Computer and Information Science,  |x 1865-0929 ;  |v 429 
520 |a This volume constitutes the refereed proceedings of the 7th International Conference on Multimedia Communications, Services and Security, MCSS 2014, held in Krakow, Poland, in June 2014. The 21 full papers included in the volume were selected from numerous submissions. The papers cover ongoing research activities in the following topics: audiovisual systems, novel multimedia architectures, multimedia data fusion, acquisition of multimedia content, quality of experience management, watermarking technology and applications, content searching methods, interactive multimedia applications, cybercrime countermeasures, cryptography, biometry, as well as privacy protection solutions. 
650 2 4 |a Artificial Intelligence (incl. Robotics) 
650 1 0 |a Computer science. 
650 0 |a Computer science. 
650 0 |a Artificial intelligence. 
650 0 |a Computer vision. 
650 2 4 |a Computer Imaging, Vision, Pattern Recognition and Graphics. 
650 2 4 |a Computers and Society. 
700 1 |a Czyżewski, Andrzej,  |e editor. 
776 0 8 |i Printed edition:  |z 9783319075686 
830 0 |a Communications in Computer and Information Science ;  |v 429. 
988 |a 20140603 
906 |0 VEN